|
|
|
|
| LEADER |
01162nam a2200265 a 4500 |
| 001 |
3777451 |
| 008 |
090824r20001982enka b 001 0 eng d |
| 010 |
|
|
|a 83177860
|
| 020 |
|
|
|a 0435240579
|
| 040 |
|
|
|a DLC
|c DLC
|d DLC
|
| 082 |
0 |
0 |
|a 418/.007/1
|2 19
|
| 100 |
1 |
|
|a Nuttall, Christine E.
|q (Christine Elizabeth)
|
| 245 |
1 |
0 |
|a Teaching reading skills in a foreign language /
|c Christine Nuttall, with a chapter on testing reading by J. charles Alderson.
|
| 250 |
|
|
|a New ed.
|
| 260 |
|
|
|a London :
|b Heinemann Educational Books,
|c 1982.[reprinted 2000]
|
| 300 |
|
|
|a vi, 282 p. :
|b ill. ;
|c 24 cm.
|
| 504 |
|
|
|a Includes bibliographical references (p.267- 174) and index.
|
| 541 |
1 |
|
|e 00012384
|
| 650 |
|
0 |
|a Language and languages
|x Study and teaching.
|
| 650 |
|
0 |
|a Reading.
|
| 650 |
|
0 |
|a English language
|x Study and teaching
|x Foreign speakers.
|
| 700 |
1 |
|
|a Alderson, J. charles
|
| 852 |
4 |
|
|a Ayesha Abed Library
|j General Shelf.
|
| 999 |
|
|
|c 3522
|d 3522
|
| 952 |
|
|
|0 0
|1 0
|2 ddc
|4 0
|6 418_007100000000000_NUT
|7 0
|9 3197
|a BRACUL
|b BRACUL
|c GEN
|d 2009-09-02
|g 0.00
|l 7
|m 73
|o 418.0071 NUT
|p 3010012384
|r 2019-09-25
|s 2019-09-23
|t 1
|w 2009-09-02
|y BK
|x No price found in the accession register.
|